Ewan McGregor Movies - Statistics

General Stats
  • This quiz has been taken 38 times
  • The average score is 16 of 79
Answer Stats
Hint Answer % Correct
2002 Attack of the Clones
96%
2005 Revenge of the Sith
93%
1999 The Phantom Menace
85%
2001 Moulin Rouge!
67%
1996 Trainspotting
63%
2005 The Island
52%
2003 Big Fish
44%
2019 Doctor Sleep
44%
2017 T2 Trainspotting
44%
2019 The Rise of Skywalker
44%
2018 Christopher Robin
41%
2009 Angels and Demons
37%
2001 Black Hawk Down
37%
2005 Robots
37%
2009 I Love You Phillip Morris
33%
1994 Shallow Grave
33%
2015 The Force Awakens
33%
2012 The Impossible
33%
2020 Birds of Prey
30%
2008 Deception
30%
2003 Down With Love
30%
2010 The Ghost Writer
30%
1997 A Life Less Ordinary
26%
2010 Beginners
26%
2022 Pinocchio
26%
1998 Velvet Goldmine
26%
2017 Beauty and the Beast
22%
1996 Brassed Off
22%
2011 Salmon Fishing in the Yemen
22%
2014 Son of A Gun
22%
2005 Stay
22%
1996 The Pillow Book
22%
2003 Young Adam
22%
1996 Emma
19%
2006 Stormbreaker
19%
2014 A Million Ways to Die in the West
15%
2007 Cassandra's Dream
15%
2011 Haywire
15%
2013 Jack the Giant Slayer
15%
2011 Perfect Sense
15%
1999 Rogue Trader
15%
2009 The Men Who Stare at Goats
15%
2005 Valiant
15%
2016 American Pastoral
11%
1999 Eye of the Beholder
11%
2015 Last Days in the Desert
11%
2006 Miss Potter
11%
2015 Mortdecai
11%
2018 Zoe
11%
2009 Amelia
7%
2013 August: Osage County
7%
1995 Blue Juice
7%
2008 Incendiary
7%
2015 Jane Got A Gun
7%
1998 Little Voice
7%
1997 Nightwatch
7%
2016 Our Kind of Traitor
7%
2022 Raymond and Ray
7%
2006 Scenes of A Sexual Nature
7%
2002 Solid Geometry
7%
1997 The Serpent's Kiss
7%
1994 Being Human
4%
2010 Jackboots on Whitehall
4%
2015 Miles Ahead
4%
2010 Nanny McPhee Returns
4%
1999 Nora
4%
2021 The Birthday Cake
4%
TBD The Cow
4%
TBD The Land of Sometimes
4%
1998 Welcome to Hollywood
4%
2010 A Backyard Story
0%
2021 Ah My Goddess: Bad Goddess Touched by an Angel
0%
2005 AMV Hell 3: The Motion Picture
0%
TBD Everest
0%
2001 Mickey's Magical Christmas: Snowed in at the House of Mouse
0%
2003 Spooks and Creeps
0%
2012 The Corrections
0%
2020 Thistle 2
0%
1999 Tube Tales
0%
No matching quizzes found
Score Distribution
Percent of People with Each Score
Percentile by Number Answered
Your Score History
You have not taken this quiz